Erfolgreiche Anzeigen Kriterien und Beispiele zur Beurteilung und Gestaltung
Uložené v:
| Ďalší autori: | |
|---|---|
| Médium: | Kniha |
| Jazyk: | German |
| Vydavateľské údaje: |
Wiesbaden
Gabler
1993
|
| Vydanie: | 2. Aufl. |
| Predmet: | |
| Tagy: |
Žiadne tagy, Buďte prvý, kto otaguje tento záznam!
|
MARC
| LEADER | 00000nam a2200000 4500 | ||
|---|---|---|---|
| 001 | c006341 | ||
| 005 | 20221214082040.5 | ||
| 020 | |a 3-409-23614-7 | ||
| 041 | 0 | |a ger | |
| 044 | |a DE | ||
| 245 | 1 | 0 | |a Erfolgreiche Anzeigen |b Kriterien und Beispiele zur Beurteilung und Gestaltung |c Edit. Gundolf Meyer-Hentschel |
| 250 | |a 2. Aufl. | ||
| 264 | 1 | |a Wiesbaden |b Gabler |c 1993 | |
| 300 | |a 249 s. | ||
| 610 | 2 | 0 | |a reklama |
| 610 | 2 | 0 | |a výskum |
| 610 | 2 | 0 | |a informácie |
| 610 | 2 | 0 | |a modely |
| 610 | 2 | 0 | |a snímky pracovné |
| 700 | 1 | |a Meyer-Hentschel, Gundolf | |